Spirits rebellious, (Record no. 587196)
[ view plain ]
| 000 -LEADER | |
|---|---|
| fixed length control field | 00862cam a22002651 4500 |
| 001 - CONTROL NUMBER | |
| control field | 6941472 |
| 005 - DATE AND TIME OF LATEST TRANSACTION | |
| control field | 20211207154110.0 |
| 008 - FIXED-LENGTH DATA ELEMENTS--GENERAL INFORMATION | |
| fixed length control field | 761227s1946 nyu 000 0 eng |
| 010 ## - LIBRARY OF CONGRESS CONTROL NUMBER | |
| LC control number | 47001274 |
| 035 ## - SYSTEM CONTROL NUMBER | |
| System control number | (OCoLC)2649788 |
| 040 ## - CATALOGING SOURCE | |
| Original cataloging agency | DLC |
| Transcribing agency | DLC |
| Modifying agency | OCoLC |
| -- | DLC |
| 041 1# - LANGUAGE CODE | |
| Language code of text/sound track or separate title | eng |
| Language code of original | ara |
| 042 ## - AUTHENTICATION CODE | |
| Authentication code | premarc |
| 050 00 - LIBRARY OF CONGRESS CALL NUMBER | |
| Classification number | BR1616 |
| Item number | .G5 |
| 082 ## - DEWEY DECIMAL CLASSIFICATION NUMBER | |
| Classification number | 892.78 |
| Author Mark | GIB |
| 100 1# - MAIN ENTRY--PERSONAL NAME | |
| Personal name | Gibran, Kahlil, |
| Dates associated with a name | 1883-1931. |
| 9 (RLIN) | 85978 |
| 245 10 - TITLE STATEMENT | |
| Title | Spirits rebellious, |
| Statement of responsibility, etc. | by Kahlil Gibran; translated from the Arabic by Anthony Rizcallah Ferris, edited by Martin L. Wolf. |
| 260 ## - PUBLICATION, DISTRIBUTION, ETC. | |
| Place of publication, distribution, etc. | New York, |
| Name of publisher, distributor, etc. | Philosophical Library |
| Date of publication, distribution, etc. | [1946] |
| 300 ## - PHYSICAL DESCRIPTION | |
| Extent | vi, 120, [1] p. |
| Dimensions | 24 cm. |
| 500 ## - GENERAL NOTE | |
| General note | "Copyright, 1947." |
| 700 1# - ADDED ENTRY--PERSONAL NAME | |
| Personal name | Ferris, Anthony Rizcallah, |
| Relator term | tr. |
| 9 (RLIN) | 85979 |
| 700 1# - ADDED ENTRY--PERSONAL NAME | |
| Personal name | Wolf, Martin L., |
| Relator term | ed. |
| 9 (RLIN) | 85980 |
| 906 ## - LOCAL DATA ELEMENT F, LDF (RLIN) | |
| a | 7 |
| b | cbc |
| c | oclcrpl |
| d | u |
| e | ncip |
| f | 19 |
| g | y-gencatlg |
| 942 ## - ADDED ENTRY ELEMENTS (KOHA) | |
| Source of classification or shelving scheme | |
| Koha item type | Book |
| Withdrawn status | Lost status | Source of classification or shelving scheme | Damaged status | Not for loan | Permanent Location | Current Location | Date acquired | Total Checkouts | Full call number | Barcode | Date last seen | Price effective from | Koha item type |
|---|---|---|---|---|---|---|---|---|---|---|---|---|---|
| School of Civil and Environmental Engineering (SCEE) | School of Civil and Environmental Engineering (SCEE) | 12/07/2021 | 892.78 GIB | NIT-13397 | 12/07/2021 | 12/07/2021 | Book |
